000 00663nam a2200217Ia 4500
001 23713
003 GE_BSU
008 181216s||||||||xx |||||||||||||| ||und||
040 _cGE_BSU
245 _aВопросы Психологии №4 июль-август 2018.
245 _bНаучный журнал
245 _cГл. ред,Е,В,Щедрина
260 _aмосква
260 _c2018г
300 _a176 стр. 24 см.
653 _aВопросы Психологии №4 июль-август 2018.
653 _aНаучный журнал
653 _aПериодика
653 _aპერიოდიკა
942 _cCR
999 _c56597
_d56597